00931nam a2200229 a 4500008004100000020001800041050001700059100001800076245014200094260002900236300001500265350000900280490002700289650003400316650004500350650002400395650003200419700002100451995009400472999001700566952011800583081202s2007 ||||||||||||||||| || u a9781858646243 aZ 711.47 Goo aBrown, Cheryl12aA good place to start: the IDS knowledge services guide to finding development information onlinecHurst, Gabrielle; Brown, Cheryl (eds.) aBrighton, UK:bIDSc2007 a84p.: ill. a0.00 aIDS knowledge services aELECTRONIC REFERENCE SERVICES aDEVELOPMENT INFORMATION--ONLINE SERVICES aSCHOLARLY WED SITES 0aAFRICA--ECONOMIC CONDITIONS aHurst, Gabrielle D0.00FCBU-MAIN LIBRARY (Kitwe)H1I0.00M1UREFERENCEWMar 24, 2009ZReference Collection c44790d44790 00102lcc4070a001b001cReference Collectiond2022-11-30l0oZ 711.47 Goop739282r2022-11-30w2022-11-30y002